Online
Catalog

Ser empresário : (Record no. 1683)

MARC details
000 -CABECERA
campo de control de longitud fija 01148nam a2200301 a 4500
001 - NÚMERO DE CONTROL
campo de control 000001806
005 - FECHA Y HORA DE LA ÚLTIMA TRANSACCIÓN
campo de control 20250527113226.0
008 - DATOS DE LONGITUD FIJA--INFORMACIÓN GENERAL
campo de control de longitud fija 090629s2005 bl ac 001 0 spa d
020 ## - NÚMERO INTERNACIONAL ESTÁNDAR DEL LIBRO
Número Internacional Estándar del Libro 8589309096
040 ## - FUENTE DE LA CATALOGACIÓN
Centro catalogador/agencia de origen DO-SdBNP
082 ## - NÚMERO DE LA CLASIFICACIÓN DECIMAL DEWEY
Número de clasificación 658.4
Número de documento/Ítem G633s
049 ## - FONDOS LOCALES (OCLC)
Fondos de biblioteca BNPD
100 1# - ENTRADA PRINCIPAL--NOMBRE DE PERSONA
Nombre de persona Gomes da Costa, Antonio Carlos
Fechas asociadas al nombre 1949-
9 (RLIN) 5868
245 10 - MENCIÓN DE TÍTULO
Título Ser empresário :
Resto del título o pensamento de Norberto Odebrecht /
Mención de responsabilidad, etc. Antono Carlos Gomes Da Costa ; editor José Enriquez Barreire, María Isabel Borja.
260 ## - PUBLICACIÓN, DISTRIBUCIÓN, ETC.
Lugar de publicación, distribución, etc. Rio de Janeiro :
Nombre del editor, distribuidor, etc. Versal,
Fecha de publicación, distribución, etc. 2005.
300 ## - DESCRIPCIÓN FÍSICA
Extensión 349 p. :
Otras características físicas il., retrs. ;
Dimensiones 25 cm.
500 ## - NOTA GENERAL
Nota general Incluye índice
500 ## - NOTA GENERAL
Nota general La biblioteca posee la primera reimpresión de la primera edición 2004
504 ## - NOTA DE BIBLIOGRAFÍA, ETC.
Nota de bibliografía, etc. Incluye referencias bibliográficas (p.347- 349)
600 14 - PUNTO DE ACCESO ADICIONAL DE MATERIA--NOMBRE DE PERSONA
Nombre de persona ODEBRECHT, NORBERTO,
Fechas asociadas al nombre 1920-
9 (RLIN) 5869
650 #0 - PUNTO DE ACCESO ADICIONAL DE MATERIA--TÉRMINO DE MATERIA
Término de materia o nombre geográfico como elemento de entrada Administración industrial
9 (RLIN) 5872
650 #0 - PUNTO DE ACCESO ADICIONAL DE MATERIA--TÉRMINO DE MATERIA
Término de materia o nombre geográfico como elemento de entrada Empresas
9 (RLIN) 5870
650 #4 - PUNTO DE ACCESO ADICIONAL DE MATERIA--TÉRMINO DE MATERIA
Término de materia o nombre geográfico como elemento de entrada Empresarios industriales
9 (RLIN) 5871
650 #0 - PUNTO DE ACCESO ADICIONAL DE MATERIA--TÉRMINO DE MATERIA
Término de materia o nombre geográfico como elemento de entrada Administración industrial
9 (RLIN) 5872
700 1# - PUNTO DE ACCESO ADICIONAL--NOMBRE DE PERSONA
Nombre de persona Barreire, José Enriquez
Término indicativo de función/relación ed.
9 (RLIN) 5873
700 1# - PUNTO DE ACCESO ADICIONAL--NOMBRE DE PERSONA
Nombre de persona Isabel Borja, María
Término indicativo de función/relación ed.
9 (RLIN) 5874
910 ## - DATOS DE OPCIÓN DEL USUARIO (OCLC)
Datos de opción del usuario Validado. Control de calidad BNPHU
999 99 - NÚMEROS DE CONTROL DE SISTEMA (KOHA)
-- 0000911
Holdings
Estado de retiro Estado de pérdida Restricciones de uso No para préstamo Código de colección Localización permanente Ubicación/localización actual Ubicación en estantería Fecha de adquisición Número de inventario Total de préstamos Signatura topográfica completa Código de barras Fecha visto por última vez Precio válido a partir de Tipo de ítem Koha
      Excluido de préstamo Monografías: Libros y Folletos General General En catalogación 29.06.2009 LF1   658.4 G633s 1806-10 25.06.2020 25.06.2020 No se presta

Powered by Koha